| 000 | 00347nam a22001337a 4500 | ||
|---|---|---|---|
| 020 | _a9788120336384 | ||
| 040 | _cNUST | ||
| 082 | _a515.35 BIS | ||
| 100 |
_aBiswal, Purna Chandra _9103705 |
||
| 245 | _aOrdinary Differential Equations | ||
| 260 |
_aNew Delhi: _bPHI LEARNING, _c2008. |
||
| 650 |
_aDifferential Equations _9688 |
||
| 942 |
_2ddc _cBK |
||
| 999 |
_c594771 _d594771 |
||